[Event "Hessenliga 0809"]
[Site "Germany"]
[Date "2008.11.09"]
[Round "4.3"]
[White "Stickler, Roberto"]
[Black "Svitek, Volker"]
[Result "1-0"]
[WhiteElo "2232"]
[BlackElo "2104"]
[PlyCount "151"]
[EventDate "2008.09.14"]
[EventType "team-tourn"]
[EventRounds "9"]
[EventCountry "GER"]
[SourceTitle "EXT 2011"]
[Source "ChessBase"]
[SourceDate "2010.11.26"]
[SourceVersion "1"]
[SourceVersionDate "2010.11.26"]
[SourceQuality "1"]
[WhiteTeam "Dettingen"]
[BlackTeam "Frankfurt West"]
[WhiteTeamCountry "GER"]
[BlackTeamCountry "GER"]

1. d4 d5 2. Nf3 Nf6 3. e3 e6 4. Bd3 Bd6 5. Nbd2 Nbd7 6. 0-0 0-0 7. b3 e5 8. dxe5 Nxe5 9. Bb2 Nxd3 10. cxd3 Bg4 11. Qc2 c6 12. h3 Bh5 13. Be5 Qe7 14. Qb2 Ne8 15. Bxd6 Nxd6 16. Rfe1 f5 17. Ne5 Rae8 18. f4 Nf7 19. Nxf7 Qxf7 20. b4 Qe7 21. Qd4 a6 22. a4 g5 23. Rab1 g4 24. hxg4 fxg4 25. g3 Qg7 26. Qxg7+ Kxg7 27. Nb3 Bg6 28. Rbd1 b6 29. Rd2 Rc8 30. Rc1 Be8 31. a5 Rf6 32. e4 dxe4 33. dxe4 Rb8 34. axb6 Rxb6 35. Rd4 Bf7 36. Nc5 Rh6 37. Ra1 Rh3 38. Kg2 h5 39. Rxa6 Rxa6 40. Nxa6 h4 41. gxh4 Rf3 42. Nb8 Rxf4 43. Kg3 Rf6 44. e5 Rf1 45. Rxg4+ Kh6 46. Rf4 Rg1+ 47. Kf2 Rg7 48. Nxc6 Bd5 49. Nd4 Rg2+ 50. Kf1 Rh2 51. e6 Rh1+ 52. Kf2 Rh2+ 53. Ke3 Rh3+ 54. Nf3 Kg6 55. e7 Bf7 56. Kd4 Be8 57. Ne5+ Kg7 58. Nc4 Rb3 59. Kc5 Rb1 60. Nd6 Bd7 61. e8Q Bxe8 62. Nxe8+ Kg6 63. Nd6 Rc1+ 64. Nc4 Rb1 65. b5 Rb3 66. b6 Rb1 67. Kc6 Rb3 68. b7 Rb1 69. Nb6 Rc1+ 70. Rc4 Rf1 71. b8Q Rf6+ 72. Kb5 Kg7 73. Rg4+ Kf7 74. Qg8+ Ke7 75. Re4+ Kd6 76. Qd8# 1-0

[Event "Frankfurt-ch"]
[Site "Frankfurt"]
[Date "2008.06.09"]
[Round "6"]
[White "Svitek, Volker"]
[Black "Goebel, Andreas"]
[Result "1/2-1/2"]
[WhiteElo "2104"]
[BlackElo "2052"]
[PlyCount "76"]
[EventDate "2008.04.28"]
[EventType "swiss"]
[EventRounds "7"]
[EventCountry "GER"]
[SourceTitle "EXT 2009"]
[Source "ChessBase"]
[SourceDate "2008.11.26"]
[SourceVersion "1"]
[SourceVersionDate "2008.11.26"]
[SourceQuality "1"]

1. b4 Nf6 2. Bb2 e6 3. b5 d5 4. e3 b6 5. c4 dxc4 6. Bxc4 Bb7 7. Nf3 c5 8. 0-0 Be7 9. d4 Nbd7 10. Nbd2 0-0 11. Qb3 cxd4 12. exd4 Bd5 13. Rac1 Qb8 14. Rfe1 Qb7 15. a4 Rac8 16. Ba3 Bxa3 17. Qxa3 Rc7 18. Bxd5 Nxd5 19. Rxc7 Qxc7 20. Rc1 Qb7 21. Nc4 Rc8 22. Nce5 Nxe5 23. Nxe5 Rxc1+ 24. Qxc1 f6 25. Nc6 Qc7 26. g3 Kf7 27. Qc2 g6 28. h4 Kg7 29. Qe4 Kf7 30. h5 a5 31. Kg2 Qd6 32. Kh2 Kg7 33. hxg6 hxg6 34. Qe2 Nc3 35. Qc4 Nd5 36. Qc1 Qc7 37. Qa3 Kf7 38. Qc1 Kg7 1/2-1/2

[Event "Hessenliga 0708"]
[Site "Germany"]
[Date "2008.03.02"]
[Round "7.5"]
[White "Escher, Helmut"]
[Black "Svitek, Volker"]
[Result "1-0"]
[WhiteElo "2073"]
[BlackElo "2133"]
[PlyCount "103"]
[EventDate "2007.09.30"]
[EventType "team"]
[EventRounds "9"]
[EventCountry "GER"]
[SourceTitle "EXT 2009"]
[Source "ChessBase"]
[SourceDate "2008.11.26"]
[SourceVersion "1"]
[SourceVersionDate "2008.11.26"]
[SourceQuality "1"]
[WhiteTeam "Oberursel II"]
[BlackTeam "Frankfurt West"]
[WhiteTeamCountry "GER"]
[BlackTeamCountry "GER"]

1. d4 d5 2. Nf3 Nf6 3. Bf4 e6 4. e3 Be7 5. Bd3 0-0 6. Nbd2 b6 7. 0-0 Bb7 8. c3 Nbd7 9. Qe2 c5 10. Ne5 Ne4 11. Rad1 Nxd2 12. Rxd2 f5 13. c4 Nxe5 14. Bxe5 Bd6 15. cxd5 Bxe5 16. dxe5 Qxd5 17. f4 Rad8 18. Rfd1 Qxa2 19. Bc4 Rxd2 20. Rxd2 Qb1+ 21. Rd1 Qe4 22. Bxe6+ Kh8 23. h4 g6 24. Bc4 a6 25. Rd7 b5 26. Bd3 Qc6 27. Rd6 Qc7 28. Qd2 Qe7 29. g3 h6 30. Bf1 Bc8 31. Rxg6 Kh7 32. Qd6 Qxd6 33. Rxd6 Rg8 34. Kf2 Rg6 35. Rd8 Rc6 36. Bd3 Kg7 37. e4 c4 38. Bb1 fxe4 39. Bxe4 Rc5 40. Bc2 b4 41. Ke3 b3 42. Be4 c3 43. bxc3 Rxc3+ 44. Kd2 Rc5 45. Rd5 Rc7 46. Rd6 a5 47. f5 Bb7 48. Bd3 a4 49. f6+ Kf7 50. h5 a3 51. Bg6+ Kg8 52. Rd8# 1-0

[Event "Frankfurt-ch"]
[Site "Frankfurt"]
[Date "2007.05.07"]
[Round "2"]
[White "Svitek, Volker"]
[Black "Gutacker, Stephan"]
[Result "1-0"]
[WhiteElo "2133"]
[BlackElo "1980"]
[PlyCount "79"]
[EventDate "2007.04.30"]
[EventType "swiss"]
[EventRounds "7"]
[EventCountry "GER"]
[SourceTitle "EXT 2008"]
[Source "ChessBase"]
[SourceDate "2007.11.25"]
[SourceVersion "1"]
[SourceVersionDate "2007.11.25"]
[SourceQuality "1"]

1. b4 e5 2. Bb2 Bxb4 3. Bxe5 Nf6 4. Nf3 Nc6 5. Bb2 d5 6. e3 0-0 7. Be2 Re8 8. 0-0 Bg4 9. d3 Bxf3 10. Bxf3 Ne5 11. Be2 c6 12. c3 Bd6 13. Nd2 Bc7 14. d4 Ng6 15. c4 Nh4 16. g3 Nf5 17. Bf3 Ne4 18. Nxe4 dxe4 19. Bg2 Qe7 20. Qb3 b6 21. Rad1 Rab8 22. Qc3 h5 23. d5 c5 24. d6 Bxd6 25. Rxd6 Qxd6 26. Bh3 Nd4 27. exd4 cxd4 28. Qxd4 Qxd4 29. Bxd4 Rbd8 30. Be3 Re5 31. Ra1 Ra5 32. Bf1 g6 33. Be2 Rc8 34. Kf1 Kg7 35. a4 Rd8 36. Ke1 Re5 37. Bd2 Re7 38. a5 Re6 39. Be3 Rb8 40. Rb1 1-0

[Event "Frankfurt-ch"]
[Site "Frankfurt"]
[Date "2006.05.02"]
[Round "2"]
[White "Svitek, Volker"]
[Black "Schoene, Matthias"]
[Result "1-0"]
[WhiteElo "2045"]
[BlackElo "1846"]
[PlyCount "77"]
[EventDate "2006.04.24"]
[EventType "swiss"]
[EventRounds "7"]
[EventCountry "GER"]
[SourceTitle "EXT 2007"]
[Source "ChessBase"]
[SourceDate "2006.11.23"]
[SourceVersion "1"]
[SourceVersionDate "2006.11.23"]
[SourceQuality "1"]

1. b4 c6 2. e3 d5 3. Bb2 Nf6 4. c4 e6 5. b5 Be7 6. a4 0-0 7. Nf3 Nbd7 8. Be2 dxc4 9. Bxc4 Nb6 10. Be2 c5 11. 0-0 a5 12. d4 Nbd5 13. Nbd2 b6 14. Qb3 Bb7 15. Rfd1 Rc8 16. Rac1 Nd7 17. Bc4 cxd4 18. Bxd4 Bf6 19. Bxf6 Qxf6 20. Ne4 Qg6 21. Nd6 Nc5 22. Qa3 Rfd8 23. Nxb7 Nxb7 24. Bxd5 exd5 25. Ne5 Qe4 26. Nc6 Nc5 27. Rd4 Qe6 28. Nxd8 Rxd8 29. Rcd1 Ne4 30. f3 Nf6 31. e4 h5 32. Qd3 h4 33. exd5 Qd6 34. Rxh4 Qc5+ 35. Rd4 Rxd5 36. Kh1 Rf5 37. Rd8+ Kh7 38. g4 Ne4 39. Qxe4 1-0